000 01126nam a22002297a 4500
003 BD-DhJNU
005 20260208034958.0
008 260201b |||||||| |||| 00| 0 eng d
020 _a9789849792185
040 _aBD-DhJNU
_bBEN
_cBD-DhJNU
_dBD-DhJNU
082 _223
_a150.1952
100 _aস্টর, এন্থনি
242 _aSigmund Freud :
_bshort review /
_cAnthony Storr and Remin Raihan Khan (translator)
245 _aসিগমুন্ড ফ্রয়েড :
_bসংক্ষিপ্ত পর্যালোচনা /
_cএন্থনি স্টর এবং রেমিন রায়হান খান (অনুবাদক)
260 _aঢাকা :
_bদিব্যপ্রকাশ,
_c2025.
300 _a১৪৩ পৃ. :
_c২১ সে.মি.।
504 _aগ্রন্থপঞ্জিগত নির্দেশিকা ও নিঘন্ট অন্তভূক্ত
650 _aPsychoanalysis
650 _aমনোবিশ্লেষণ
700 _aখান, রেমিন রায়হান
_eঅনুবাদক
942 _2ddc
_cBK
_n0
999 _c2597
_d2597